[Event "TUR-chT"]
[Site "Izmir"]
[Date "2016.07.29"]
[Round "6.6"]
[White "Kamer, Kayra"]
[Black "Uraz, Abdullah Kerim"]
[Result "0-1"]
[WhiteElo "1982"]
[BlackElo "1662"]
[PlyCount "98"]
[EventDate "2016.07.25"]
[EventType "team-swiss"]
[EventRounds "13"]
[EventCountry "TUR"]
[SourceTitle "CBM 173 Extra"]
[Source "ChessBase"]
[SourceDate "2016.08.29"]
[SourceVersion "1"]
[SourceVersionDate "2016.08.29"]
[SourceQuality "1"]
[WhiteTeam "Tarsus Zeka"]
[BlackTeam "Kocaeli Buyuksehir Belediyesi"]
[WhiteTeamCountry "TUR"]
[BlackTeamCountry "TUR"]

1. Nc3 c5 2. e4 d6 3. f4 Nc6 4. Nf3 g6 5. Bc4 Bg7 6. d3 Nf6 7. 0-0 0-0 8. h3 a6 9. a4 e6 10. Be3 d5 11. Bxc5 dxc4 12. Bxf8 Bxf8 13. d4 Rb8 14. Kh2 b5 15. axb5 axb5 16. Ne5 Qc7 17. Ng4 Bg7 18. Nxf6+ Bxf6 19. e5 Be7 20. Ne4 Bb7 21. Re1 Nb4 22. g4 Qd7 23. Qd2 Kh8 24. Re2 Rd8 25. c3 Nd3 26. Rf1 Ra8 27. f5 exf5 28. gxf5 gxf5 29. Ng5 Qd5 30. Rg1 f6 31. Nxh7 Kxh7 32. Reg2 Bf8 33. Qd1 Nf4 34. Rf2 Bh6 35. exf6 Qf7 36. Rg3 Qxf6 37. Qf1 Qh4 38. Re2 Ra1 39. Re1 Ra2 40. Qf2 Bg5 41. d5 Bxd5 42. Re5 Be4 43. Rc5 Ra1 44. Rc7+ Kh6 45. Qb6+ Ng6 46. Rh7+ Kxh7 47. Qc7+ Kh6 48. Rf3 Bxf3 49. Qh7+ Kxh7 0-1

[Event "TUR-chT"]
[Site "Izmir"]
[Date "2016.07.26"]
[Round "2.2"]
[White "Uraz, Abdullah Kerim"]
[Black "Atakisi, Umut"]
[Result "0-1"]
[WhiteElo "1662"]
[BlackElo "2378"]
[PlyCount "76"]
[EventDate "2016.07.25"]
[EventType "team-swiss"]
[EventRounds "13"]
[EventCountry "TUR"]
[SourceTitle "CBM 173 Extra"]
[Source "ChessBase"]
[SourceDate "2016.08.29"]
[SourceVersion "1"]
[SourceVersionDate "2016.08.29"]
[SourceQuality "1"]
[WhiteTeam "Kocaeli Buyuksehir Belediyesi"]
[BlackTeam "Besiktas Jimnastik"]
[WhiteTeamCountry "TUR"]
[BlackTeamCountry "TUR"]

1. e4 c5 2. Nf3 Nc6 3. d4 cxd4 4. Nxd4 Nf6 5. Nc3 e5 6. Ndb5 d6 7. Bg5 a6 8. Na3 b5 9. Bxf6 gxf6 10. Nd5 Bg7 11. c3 f5 12. Bd3 Ne7 13. Nxe7 Qxe7 14. Nc2 0-0 15. 0-0 f4 16. Qe2 Qg5 17. a4 bxa4 18. Rxa4 Bh3 19. f3 a5 20. Rfa1 Rab8 21. Ne1 Bf6 22. Rxa5 Bd8 23. Rb5 Bb6+ 24. Kh1 Bd7 25. Rb3 Kh8 26. Ra6 Qd8 27. Bc4 f5 28. Bd5 Rf6 29. Nd3 Rh6 30. Nf2 Bc8 31. Raa3 fxe4 32. Bxe4 d5 33. Bc2 e4 34. fxe4 Qh4 35. h3 f3 36. Qf1 Qg3 37. c4 Bc7 38. Qg1 Bxh3 0-1

[Event "Manavgat Turkey Cup"]
[Site "Manavgat"]
[Date "2016.02.02"]
[Round "5"]
[White "Uraz, Abdullah Kerim"]
[Black "Ikizler, Mualla Hatun"]
[Result "1-0"]
[WhiteElo "1791"]
[BlackElo "1369"]
[PlyCount "75"]
[EventDate "2016.01.30"]
[EventType "swiss"]
[EventRounds "11"]
[EventCountry "TUR"]
[SourceTitle "CBM 170 Extra"]
[Source "ChessBase"]
[SourceDate "2016.02.25"]
[SourceVersion "1"]
[SourceVersionDate "2016.02.25"]
[SourceQuality "1"]

1. a3 e6 2. g3 d5 3. Bg2 Ne7 4. d3 Ng6 5. Nf3 Be7 6. 0-0 0-0 7. Nc3 c6 8. e4 Nd7 9. h4 a6 10. h5 Nge5 11. Nxe5 Nxe5 12. f4 Nd7 13. g4 Bc5+ 14. d4 Bb6 15. Be3 e5 16. exd5 exd4 17. Bxd4 Bxd4+ 18. Qxd4 c5 19. Qf2 b6 20. g5 f6 21. g6 h6 22. Ne4 f5 23. Nd6 Nf6 24. Nf7 Rxf7 25. gxf7+ Kxf7 26. Bf3 Qd6 27. Qd2 Bb7 28. c4 Kg8 29. Rfe1 b5 30. b3 Rf8 31. Re6 Qd8 32. Rae1 Nh7 33. Re7 Bc6 34. Qg2 Rf7 35. Rxf7 Kxf7 36. dxc6 Qh4 37. Qg6+ Kg8 38. Bd5+ 1-0

[Event "Manavgat Turkey Cup"]
[Site "Manavgat"]
[Date "2015.02.05"]
[Round "9"]
[White "Uraz, Abdullah Kerim"]
[Black "Kurtoglu, Umit"]
[Result "1-0"]
[WhiteElo "1563"]
[BlackElo "1370"]
[PlyCount "55"]
[EventDate "2015.01.31"]
[EventType "swiss"]
[EventRounds "11"]
[EventCountry "TUR"]
[SourceTitle "CBM 164 Extra"]
[Source "ChessBase"]
[SourceDate "2015.03.02"]
[SourceVersion "1"]
[SourceVersionDate "2015.03.02"]
[SourceQuality "1"]

1. e4 e5 2. Nf3 Nc6 3. Bb5 a6 4. Bxc6 dxc6 5. 0-0 Bd6 6. d4 Bg4 7. c3 f6 8. h3 Bh5 9. Be3 Ne7 10. Nbd2 Qd7 11. Nxe5 fxe5 12. Qxh5+ g6 13. Qe2 0-0-0 14. Nc4 Qe6 15. Qg4 Qxg4 16. hxg4 b5 17. Nxe5 Bxe5 18. dxe5 h5 19. g5 h4 20. Bc5 Rh7 21. Kh2 Rd2 22. b3 Re2 23. Rfe1 Rd2 24. a4 Kb7 25. a5 h3 26. g3 Rf7 27. Rad1 Rxd1 28. Rxd1 1-0

[Event "Kemer Turkey Cup"]
[Site "Kemer"]
[Date "2014.02.01"]
[Round "1"]
[White "Uraz, Abdullah Kerim"]
[Black "Temel, Burcu Melis"]
[Result "0-1"]
[WhiteElo "1550"]
[BlackElo "1720"]
[PlyCount "24"]
[EventDate "2014.02.01"]
[EventType "swiss"]
[EventRounds "9"]
[EventCountry "TUR"]
[SourceTitle "CBM 158 Extra"]
[Source "ChessBase"]
[SourceDate "2014.02.28"]
[SourceVersion "1"]
[SourceVersionDate "2014.02.28"]
[SourceQuality "1"]

1. e4 c5 2. Nf3 e6 3. d4 cxd4 4. Nxd4 Nf6 5. Bd3 Nc6 6. Be3 d5 7. exd5 exd5 8. Qe2 Be7 9. Bb5 Qc7 10. 0-0 0-0 11. Nd2 Ng4 12. c4 Qxh2# 0-1